EFSF - the tool of the European Union against economic crisis

Význam a základná charakteristika EFSF (European Financial Stability Facility). Metodológia. Výsledky.

Na minha lista:
Detalhes bibliográficos
Autor principal: Židó, Marián
Formato: Capítulo de Livro
Idioma:inglês
Assuntos:
Tags: Adicionar Tag
Sem tags, seja o primeiro a adicionar uma tag!

MARC

LEADER 00000nla$a2200000$$$4500
001 0129193
005 20240502083324.0
041 0 |a eng 
044 |a CZ 
245 1 0 |a EFSF - the tool of the European Union against economic crisis  |c Marián Židó 
520 |a Význam a základná charakteristika EFSF (European Financial Stability Facility). Metodológia. Výsledky. 
610 2 0 |a stabilita finančná 
610 2 0 |a eurozóna 
610 2 0 |a pôžičky medzinárodné 
610 2 0 |a Európska únia 
100 1 |a Židó, Marián